Números enteros

Zapisane w:
Opis bibliograficzny
1. autor: González Mari, José Luis (autor)
Kolejni autorzy: Iriarte, María Dolores (autora), Jimeno Pérez, Manuela (autora), Ortiz Comas, Alfonso (autor), Ortiz Villarejo, Antonio (autor), Sanz Jiménez, Esteban (autor), Vargas-Machuca, Inmaculada (autora)
Format: Książka
Język:hiszpański
Wydane: Madrid Síntesis 1990
Seria:Matemáticas: Cultura y Aprendizaje
Hasła przedmiotowe:
Etykiety: Dodaj etykietę
Nie ma etykietki, Dołącz pierwszą etykiete!

MARC

LEADER 00000nam a2200000 a 4500
001 UCS6845
003 CL-VaPUC
005 20240705074009.0
008 971003e19900000SP |||||||||||||||||spa|d
999 |c 262409  |d 262407 
040 |c Pontificia Universidad Católica de Valparaíso 
082 0 4 |a 372.7  |b GON  |2 21 
100 1 |a González Mari, José Luis  |e autor  |9 878833 
245 1 0 |a Números enteros 
260 |a Madrid  |b Síntesis  |c 1990 
300 |a 207 p 
490 0 |a Matemáticas: Cultura y Aprendizaje 
583 |a last modification  |c 19971003 00:00:00  |k Rodrigo Vera 
650 0 |a Matemática  |9 260235 
650 0 |a Números enteros   |9 357374 
650 0 |a Matemáticas  |x Enseñanza  |9 875527 
700 0 |a Iriarte, María Dolores  |e autora  |9 878834 
700 0 |a Jimeno Pérez, Manuela  |e autora  |9 878835 
700 0 |a Ortiz Comas, Alfonso  |e autor  |9 878836 
700 |a Ortiz Villarejo, Antonio  |e autor  |9 392266 
700 |a Sanz Jiménez, Esteban  |e autor  |9 878837 
700 |a Vargas-Machuca, Inmaculada  |e autora  |9 878838 
942 |c BK  |2 ddc 
945 |d 19971003 00:00:00  |a rleighto 
952 |0 0  |1 0  |4 0  |6 372_700000000000000_GON_1990  |7 0  |8 A  |9 290851  |a BIBMAT  |b BIBMAT  |c E_DIDACT  |d 2019-11-19  |i 3352722  |o 372.7 GON 1990  |p 3352722  |r 2025-01-07  |w 2019-11-19  |y BK  |k MAT